000 00624nam a2200181Ia 4500
008 100920s9999 xx 000 0 und d
082 _b25384
_a28 व 891,43 थ 71
100 _aस्काट वाल्टर.
245 _aवीर सिपाही.
260 _bशिक्षा भारती, कश्मीरी गेट, दिल्ली,6.
_c1971
300 _a102
_bसाधी
365 _b2
520 _aबा.वि.हिंदी.
630 _aवीर सिपाही.
650 _aबा.वि.हिंदी.
730 _aवीर सिपाही.
942 _cBOOK
999 _c683268
_d683265